Giáo trình nghiệp vụ lưu trữ cơ bản : Dùng trong các trường trung học chuyên nghiệp

Na minha lista:
Detalhes bibliográficos
Autor principal: Vũ, Thị Phụng
Formato: Livro
Idioma:Undetermined
Publicado em: Hà Nội Nhà xuất bản Hà Nội 2006
Assuntos:
Tags: Adicionar Tag
Sem tags, seja o primeiro a adicionar uma tag!
Thư viện lưu trữ: Trung tâm Học liệu Trường Đại học Cần Thơ
LEADER 00691nam a2200217Ia 4500
001 CTU_122193
008 210402s9999 xx 000 0 und d
020 |c 38500 
082 |a 025.84 
082 |b Ph513 
100 |a Vũ, Thị Phụng 
245 0 |a Giáo trình nghiệp vụ lưu trữ cơ bản : 
245 0 |b Dùng trong các trường trung học chuyên nghiệp 
245 0 |c Vũ Thị Phụng 
260 |a Hà Nội 
260 |b Nhà xuất bản Hà Nội 
260 |c 2006 
650 |a Manuscripts,Paper 
650 |x Conservation and restoration.,Preservation 
904 |i Minh 
980 |a Trung tâm Học liệu Trường Đại học Cần Thơ